02300cam a22003615a 450000100090000000300090000900500170001800800410003502000250007602000220010103500240012304000330014708200170018010000400019724501170023725000210035426400460037530000410042133600260046233700280048833800270051649000310054350400520057450505920062652003900121865000620160865100100167065300270168065500240170794200250173199900170175695201650177315911992EG-ScBUE20220427110027.0090918r20162007enka f b 001 0 eng d a9780194422581 (pbk.) a0194422585 (pbk.) a(OCoLC)ocn173238224 aUKMbengerdacUKMdEG-ScBUE04222a418bDOR1 aDornyei, Zoltan‏,eauthor.94098510aResearch methods in applied linguistics :bquantitative, qualitative, and mixed methodologies /cZoltan Dornyei. aReprint edition. 1aOxford :bOxford University Press,c2016. a336 pages ;billustrations ;c24 cm. 2rdacontentatextbtxt 2rdamediaaunmediatedbn 2rdacarrieravolumebnc0 aOxford applied linguistics aIncludes bibliographical references and index.  aWhat is research and how does this book approach it? -- Qualitative, quantitative, and mixed methods research -- Quality criteria, research ethics, and other research issues -- Longitudinal verses cross-sectional research -- Quantitative data collection -- Qualitative data collection -- Mixed methods research: purpose and design -- Classroom research -- Quantitative data analysis -- Qualitative data analysis -- Data analysis in mixed methods research -- Writing a quantitative report -- Writing qualitative and mixed methods reports -- How to choose the appropriate research method. aThis is a very practical and accessible book that offers a comprehensive overview of research methodology in applied linguistics by describing the various stages of qualitative and quantitative investigations, from collecting the data to reporting the results. It also discusses 'mixed methods research', that is, the various combinations of qualitative and quantitative methodologies. 7aApplied linguisticsxResearchxMethodology.2BUEsh940984 2BUEsh bHHUUEENNcAugust 2016  vReading book934232 2ddce22k418 DORcBB c22285d22257 00102ddc40708BaccahaMAINbMAINc2NDd2016-08-31ePurchaseg455.00h26103l1m1o418 DORp000033165r2025-07-15 00:00:00s2024-02-11v569.00w2016-08-31yBB